000 00685nam a2200193Ii 4500
003 JO-AjNU
008 230605s9999||||xx |||||||||||||| ||und||
040 _aJO-AjNU
_bara
_erda
_cJO-AjNU
041 _aara
050 1 4 _aT385.M37 1999
100 3 _aاعداد:مردود،احسان/معد مشارك :وهبي معاد,
_eauthor
_98380
245 0 0 _aالمرجع الشامل لاوامر برنامج AUTOCAD
264 3 1 _aد.م:مركز الرضا للكومبيتور،1999
300 _a200ص
336 _atext
_btxt
_2rdacontent
337 _aunmediated
_bn
_2rdamedia
338 _avolume
_bnc
_2rdacarrier
650 4 _aالحاسيات الالكترونية-برامج
_98381
999 _aA758
_c4326
_d4326